<?xml version="1.0" encoding="UTF-8"?>
<record
    xmlns:xsi="http://www.w3.org/2001/XMLSchema-instance"
    xsi:schemaLocation="http://www.loc.gov/MARC21/slim http://www.loc.gov/standards/marcxml/schema/MARC21slim.xsd"
    xmlns="http://www.loc.gov/MARC21/slim">

  <leader>01174nam a22002177a 4500</leader>
  <controlfield tag="005">20150204122125.0</controlfield>
  <controlfield tag="008">131119b2003    ck ||||| |||| 00| 0 spa d</controlfield>
  <datafield tag="040" ind1=" " ind2=" ">
    <subfield code="a">CO-BoIAVH</subfield>
    <subfield code="c">CO-BoIAVH</subfield>
  </datafield>
  <datafield tag="041" ind1=" " ind2=" ">
    <subfield code="a">spa</subfield>
  </datafield>
  <datafield tag="044" ind1=" " ind2=" ">
    <subfield code="a">ck</subfield>
  </datafield>
  <datafield tag="090" ind1=" " ind2=" ">
    <subfield code="a">IAVH</subfield>
    <subfield code="b">01542</subfield>
  </datafield>
  <datafield tag="100" ind1=" " ind2=" ">
    <subfield code="a">Murgueitio R.-Enrique</subfield>
    <subfield code="9">32614</subfield>
  </datafield>
  <datafield tag="245" ind1=" " ind2=" ">
    <subfield code="a">Dise&#xF1;o del marco regulatorio nacional para la implementacion de un sistema de incentivos a la agricultura ecologica Ecos, segunda fase, temas agroambientales.</subfield>
  </datafield>
  <datafield tag="260" ind1=" " ind2=" ">
    <subfield code="a">Cali</subfield>
    <subfield code="b">Instituto  de Investigaci&#xF3;n de Recursos Biol&#xF3;gicos Alexander von Humboldt</subfield>
    <subfield code="b">Fundacion Centro para la Investigacion en sistemas sostenibles de proccion agropecuaria</subfield>
    <subfield code="c">2003</subfield>
  </datafield>
  <datafield tag="300" ind1=" " ind2=" ">
    <subfield code="a">51 p.</subfield>
    <subfield code="b">il</subfield>
    <subfield code="c">27 cm</subfield>
  </datafield>
  <datafield tag="500" ind1=" " ind2=" ">
    <subfield code="a">Informe tecnico</subfield>
  </datafield>
  <datafield tag="520" ind1=" " ind2=" ">
    <subfield code="a">Consultoria relizada por un equipo de investigadores de varias disiplinas,fue iniciada en el mes de agosto de 2003 y como parte de su desarrollo se realiz&#xF3; una jornada de socializaci&#xF3;n del proyecto "marco regulatorio para la implementac&#xF3;n de un sistema de incentivos a la produccion agropecuaria ecologia- Ecos</subfield>
  </datafield>
  <datafield tag="650" ind1=" " ind2=" ">
    <subfield code="a">Biodiversidad </subfield>
    <subfield code="9">32615</subfield>
  </datafield>
  <datafield tag="650" ind1=" " ind2=" ">
    <subfield code="a">Agricultura ecologica</subfield>
    <subfield code="z">Valle de Cauca</subfield>
    <subfield code="9">32616</subfield>
  </datafield>
  <datafield tag="942" ind1=" " ind2=" ">
    <subfield code="2">z</subfield>
    <subfield code="c">INFORME</subfield>
  </datafield>
  <datafield tag="999" ind1=" " ind2=" ">
    <subfield code="c">7868</subfield>
    <subfield code="d">7868</subfield>
  </datafield>
  <datafield tag="952" ind1=" " ind2=" ">
    <subfield code="0">0</subfield>
    <subfield code="1">0</subfield>
    <subfield code="2">z</subfield>
    <subfield code="4">0</subfield>
    <subfield code="7">0</subfield>
    <subfield code="8">HUMBOLDT</subfield>
    <subfield code="a">Bogota</subfield>
    <subfield code="b">Bogota</subfield>
    <subfield code="d">2013-11-19</subfield>
    <subfield code="l">0</subfield>
    <subfield code="o">IAVH-01542</subfield>
    <subfield code="p">059331</subfield>
    <subfield code="r">2024-08-09 00:00:00</subfield>
    <subfield code="t">Ej. 1</subfield>
    <subfield code="w">2013-11-19</subfield>
    <subfield code="x">Dep&#xF3;sito Institucional</subfield>
    <subfield code="y">INFORME</subfield>
  </datafield>
</record>
